Soil and water conservation :Bulletin -2017 (Record no. 369589)

MARC details
000 -LEADER
fixed length control field 00326nam a22001217a 4500
082 ## - DEWEY DECIMAL CLASSIFICATION NUMBER
Classification number 631.4 IASWAC
100 ## - MAIN ENTRY--PERSONAL NAME
Personal name IASWAC
245 ## - TITLE STATEMENT
Title Soil and water conservation :Bulletin -2017
250 ## - EDITION STATEMENT
Edition statement 1
260 ## - PUBLICATION, DISTRIBUTION, ETC. (IMPRINT)
Place of publication, distribution, etc. Dehradun , Uthrakhand India
Name of publisher, distributor, etc. Indian Association of soil and water conservationists
300 ## - PHYSICAL DESCRIPTION
Extent 92
942 ## - ADDED ENTRY ELEMENTS (KOHA)
Koha item type Books (General)
Holdings
Withdrawn status Lost status Damaged status Not for loan Collection code Home library Current library Shelving location Date acquired Source of acquisition Total Checkouts Full call number Barcode Date last seen Price effective from Koha item type
          College of Agriculture, Vellayani College of Agriculture, Vellayani   25/06/2018 Gift   631.4 IASWAC KAU_COAV-F2112 25/06/2018 12/05/2022 Books (General)
Kerala Agricultural University Central Library
Thrissur-(Dt.), Kerala Pin:- 680656, India
Ph : (+91)(487) 2372219
E-mail: librarian@kau.in
Website: http://library.kau.in/